000 00354nam a22001337a 4500
008 231204b |||||||| |||| 00| 0 eng d
020 _a8173813078
082 _a658.15 PAU
100 _aPaul S.KR.
245 _aAdvance Financial Management
260 _aKolkata :
_bNew Central Book Agency,
_c1997.
300 _aii. 787 p:
_bill,
_c24 Cm
942 _2ddc
999 _c9751
_d9752